[Event "Campeonatos de Espana Universitarios 20"]
[Site "Universidad de Alicante, Spai"]
[Date "2019.04.09"]
[Round "1.1"]
[White "Suarez Gomez, Julio"]
[Black "Piqueras Guardiola, Francisco"]
[Result "1-0"]
[WhiteElo "2449"]
[BlackElo "2072"]
[PlyCount "77"]
[EventDate "2019.??.??"]

1. d4 {[%clk 00:40:05]  [%emt 00:00:08]} 1... Nf6 {
[%clk 00:39:46]  [%emt 00:00:24]} 2. c4 {[%clk 00:40:03]  [%emt 00:00:06]} 2...
e6 {[%clk 00:39:48]  [%emt 00:00:07]} 3. Nf3 {[%clk 00:40:01]  [%emt 00:00:04]}
3... c5 {[%clk 00:39:48]  [%emt 00:00:06]} 4. d5 {
[%clk 00:39:41]  [%emt 00:00:21]} 4... exd5 {[%clk 00:39:49]  [%emt 00:00:35]}
5. cxd5 {[%clk 00:39:43]} 5... d6 {[%clk 00:39:48]  [%emt 00:00:03]} 6. Nc3 {
[%clk 00:39:35]} 6... g6 {[%clk 00:39:46]  [%emt 00:00:18]} 7. Bf4 {
[%clk 00:39:23]  [%emt 00:00:04]} 7... Bg7 {[%clk 00:39:43]  [%emt 00:00:04]}
8. e3 {[%clk 00:39:06]  [%emt 00:00:18]} 8... O-O {
[%clk 00:39:15]  [%emt 00:00:31]} 9. h3 {[%clk 00:38:17]  [%emt 00:01:01]} 9...
Na6 {[%clk 00:38:27]  [%emt 00:00:47]} 10. Be2 {
[%clk 00:37:34]  [%emt 00:00:48]} 10... Nc7 {[%clk 00:37:16]  [%emt 00:01:25]}
11. O-O {[%clk 00:37:09]  [%emt 00:00:22]} 11... Rb8 {
[%clk 00:36:29]  [%emt 00:00:51]} 12. a4 {[%clk 00:32:48]  [%emt 00:04:25]}
12... b6 {[%clk 00:35:35]  [%emt 00:01:00]} 13. e4 {
[%clk 00:32:12]  [%emt 00:00:44]} 13... Re8 {[%clk 00:33:41]  [%emt 00:01:58]}
14. Nd2 {[%clk 00:26:05]  [%emt 00:06:09]} 14... a6 {
[%clk 00:29:23]  [%emt 00:04:24]} 15. Re1 {[%clk 00:25:45]  [%emt 00:00:30]}
15... b5 {[%clk 00:29:03]  [%emt 00:00:22]} 16. Bf3 {
[%clk 00:24:40]  [%emt 00:01:08]} 16... Bb7 {[%clk 00:25:43]  [%emt 00:03:28]}
17. Qc2 {[%clk 00:23:30]  [%emt 00:01:11]} 17... Kh8 {
[%clk 00:20:22]  [%emt 00:05:27]} 18. Rad1 {[%clk 00:23:08]  [%emt 00:00:53]}
18... Ng8 {[%clk 00:20:16]} 19. Bg3 {[%clk 00:20:02]  [%emt 00:02:55]} 19...
Nh6 {[%clk 00:19:13]  [%emt 00:01:09]} 20. Be2 {
[%clk 00:15:56]  [%emt 00:04:33]} 20... Qd7 {[%clk 00:18:51]  [%emt 00:00:06]}
21. Nf3 {[%clk 00:14:11]  [%emt 00:02:23]} 21... f6 {
[%clk 00:15:41]  [%emt 00:03:15]} 22. Bf1 {[%clk 00:12:24]  [%emt 00:01:17]}
22... Re7 {[%clk 00:15:02]  [%emt 00:00:45]} 23. axb5 {
[%clk 00:11:58]  [%emt 00:00:32]} 23... axb5 {[%clk 00:15:05]  [%emt 00:00:03]}
24. b4 {[%clk 00:11:56]  [%emt 00:00:05]} 24... cxb4 {
[%clk 00:14:13]  [%emt 00:01:00]} 25. Na2 {[%clk 00:11:59]  [%emt 00:00:03]}
25... Na6 {[%clk 00:14:16]} 26. Nd4 {[%clk 00:11:37]  [%emt 00:00:27]} 26...
Nc5 {[%clk 00:12:49]  [%emt 00:01:34]} 27. Nxb4 {
[%clk 00:11:31]  [%emt 00:00:12]} 27... Nf7 {[%clk 00:11:12]  [%emt 00:01:38]}
28. Bxb5 {[%clk 00:11:17]  [%emt 00:00:20]} 28... Qc7 {
[%clk 00:10:37]  [%emt 00:00:43]} 29. Bf1 {[%clk 00:10:04]  [%emt 00:01:13]}
29... Rc8 {[%clk 00:10:18]  [%emt 00:00:41]} 30. Nbc6 {
[%clk 00:09:21]  [%emt 00:00:35]} 30... Ree8 {[%clk 00:09:32]  [%emt 00:00:50]}
31. Nb5 {[%clk 00:07:41]  [%emt 00:01:43]} 31... Qd7 {
[%clk 00:09:11]  [%emt 00:00:36]} 32. Nbd4 {[%clk 00:05:53]  [%emt 00:01:44]}
32... Bxc6 {[%clk 00:06:14]  [%emt 00:03:00]} 33. dxc6 {
[%clk 00:05:46]  [%emt 00:00:46]} 33... Qe7 {[%clk 00:05:37]  [%emt 00:00:15]}
34. Bc4 {[%clk 00:05:29]  [%emt 00:00:15]} 34... Nd8 {
[%clk 00:04:20]  [%emt 00:01:23]} 35. Nb5 {[%clk 00:04:34]  [%emt 00:00:59]}
35... Rxc6 {[%clk 00:03:20]  [%emt 00:01:05]} 36. Bd5 {
[%clk 00:04:07]  [%emt 00:00:33]} 36... Rb6 {[%clk 00:02:54]  [%emt 00:00:33]}
37. Nxd6 {[%clk 00:04:08]  [%emt 00:00:04]} 37... Rxd6 {
[%clk 00:02:43]  [%emt 00:00:16]} 38. Bxd6 {[%clk 00:04:03]  [%emt 00:00:09]}
38... Qxd6 {[%clk 00:02:40]  [%emt 00:00:11]} 39. Bf7 {[%clk 00:04:06]} 1-0

[Event "Campeonatos de Espana Universitarios 20"]
[Site "Universidad de Alicante, Spai"]
[Date "2019.04.09"]
[Round "1.2"]
[White "De La Esperanza Martin, Alberto"]
[Black "Cruz Lledo, Pablo"]
[Result "0-1"]
[WhiteElo "2069"]
[BlackElo "2436"]
[PlyCount "56"]
[EventDate "2019.??.??"]

1. e4 {[%clk 00:40:07]  [%emt 00:00:04]} 1... c6 {
[%clk 00:40:02]  [%emt 00:00:03]} 2. d4 {[%clk 00:40:05]  [%emt 00:00:11]} 2...
d5 {[%clk 00:40:02]} 3. Nc3 {[%clk 00:40:07]  [%emt 00:00:10]} 3... g6 {
[%clk 00:39:58]  [%emt 00:00:04]} 4. Bd3 {[%clk 00:38:50]  [%emt 00:01:24]}
4... Bg7 {[%clk 00:39:59]  [%emt 00:00:28]} 5. Nge2 {[%clk 00:38:40]} 5... Nh6
{[%clk 00:39:29]  [%emt 00:00:21]} 6. O-O {[%clk 00:35:27]  [%emt 00:03:22]}
6... O-O {[%clk 00:39:28]  [%emt 00:00:05]} 7. Bf4 {
[%clk 00:34:53]  [%emt 00:00:36]} 7... f6 {[%clk 00:39:27]  [%emt 00:00:30]} 8.
Qd2 {[%clk 00:34:14]} 8... Nf7 {[%clk 00:39:26]  [%emt 00:00:45]} 9. Bg3 {
[%clk 00:28:55]} 9... e5 {[%clk 00:39:10]  [%emt 00:05:28]} 10. exd5 {
[%clk 00:26:46]} 10... cxd5 {[%clk 00:39:05]  [%emt 00:02:27]} 11. dxe5 {
[%clk 00:26:30]} 11... fxe5 {[%clk 00:39:01]  [%emt 00:00:27]} 12. f4 {
[%emt 00:10:14]} 12... e4 {[%clk 00:36:43]} 13. Bb5 {[%emt 00:00:34]} 13... Be6
{[%emt 00:06:27]} 14. Rad1 {[%clk 00:12:53]  [%emt 00:00:37]} 14... Nc6 {
[%clk 00:33:57]  [%emt 00:01:19]} 15. Nxd5 {[%clk 00:10:06]  [%emt 00:02:53]}
15... Bxd5 {[%clk 00:28:36]  [%emt 00:05:26]} 16. Qxd5 {
[%clk 00:10:09]  [%emt 00:00:04]} 16... Qxd5 {[%clk 00:24:15]  [%emt 00:04:19]}
17. Rxd5 {[%clk 00:10:12]} 17... Bxb2 {[%clk 00:23:42]  [%emt 00:01:03]} 18.
Rd7 {[%clk 00:09:18]} 18... Rad8 {[%clk 00:23:42]  [%emt 00:00:48]} 19. Rxb7 {
[%emt 00:02:44]} 19... Nd4 {[%emt 00:02:49]} 20. Nxd4 {
[%clk 00:03:38]  [%emt 00:00:25]} 20... Bxd4+ {[%clk 00:23:29]  [%emt 00:00:41]
} 21. Kh1 {[%emt 00:00:09]} 21... Nd6 {[%clk 00:23:09]} 22. Bc6 {
[%clk 00:03:31]  [%emt 00:00:03]} 22... Nxb7 {[%clk 00:22:37]  [%emt 00:00:37]}
23. Bxb7 {[%clk 00:03:35]  [%emt 00:00:04]} 23... Rfe8 {
[%clk 00:21:24]  [%emt 00:01:12]} 24. Bc6 {[%emt 00:00:39]} 24... Re6 {
[%clk 00:21:06]  [%emt 00:00:10]} 25. Ba4 {[%clk 00:02:38]  [%emt 00:00:41]}
25... Kg7 {[%clk 00:21:01]  [%emt 00:00:30]} 26. Rb1 {
[%clk 00:01:54]  [%emt 00:00:29]} 26... e3 {[%clk 00:20:29]  [%emt 00:00:40]}
27. Rb7+ {[%clk 00:00:59]  [%emt 00:00:58]} 27... Kh6 {
[%clk 00:20:04]  [%emt 00:00:55]} 28. Bb3 {[%clk 00:00:36]  [%emt 00:00:22]}
28... e2 {[%clk 00:18:15]  [%emt 00:01:35]} 0-1

[Event "Campeonatos de Espana Universitarios 20"]
[Site "Universidad de Alicante, Spai"]
[Date "2019.04.09"]
[Round "1.3"]
[White "Alshameary Puente, Ismael"]
[Black "Picos Maiztegui, Miguel"]
[Result "1-0"]
[WhiteElo "2425"]
[BlackElo "2043"]
[PlyCount "63"]
[EventDate "2019.??.??"]

1. d4 {[%clk 00:40:07]  [%emt 00:00:09]} 1... Nf6 {
[%clk 00:40:08]  [%emt 00:00:03]} 2. c4 {[%clk 00:40:10]} 2... c5 {
[%clk 00:40:10]  [%emt 00:00:20]} 3. d5 {[%clk 00:40:09]} 3... b5 {
[%clk 00:40:04]} 4. cxb5 {[%clk 00:40:09]  [%emt 00:00:20]} 4... a6 {
[%clk 00:40:07]} 5. bxa6 {[%clk 00:40:04]  [%emt 00:00:07]} 5... g6 {
[%clk 00:40:09]} 6. Nc3 {[%clk 00:40:07]} 6... Bg7 {[%clk 00:40:12]} 7. e4 {
[%clk 00:38:14]  [%emt 00:01:57]} 7... O-O {[%clk 00:40:14]} 8. Be2 {
[%clk 00:38:18]} 8... Qa5 {[%clk 00:40:10]  [%emt 00:00:18]} 9. Bd2 {
[%clk 00:38:21]} 9... Bxa6 {[%clk 00:40:00]  [%emt 00:00:06]} 10. e5 {
[%clk 00:36:08]  [%emt 00:02:23]} 10... Ne8 {[%clk 00:40:01]  [%emt 00:00:03]}
11. Nf3 {[%clk 00:36:11]} 11... d6 {[%clk 00:39:27]  [%emt 00:00:46]} 12. e6 {
[%clk 00:34:27]  [%emt 00:01:41]} 12... fxe6 {[%clk 00:39:07]  [%emt 00:00:27]}
13. Ng5 {[%clk 00:33:51]  [%emt 00:00:48]} 13... e5 {
[%clk 00:35:06]  [%emt 00:03:59]} 14. h4 {[%clk 00:32:24]  [%emt 00:01:31]}
14... Bxe2 {[%clk 00:35:02]  [%emt 00:00:08]} 15. Qxe2 {
[%clk 00:32:26]  [%emt 00:00:39]} 15... Qa6 {[%clk 00:35:04]} 16. Qg4 {
[%clk 00:29:59]  [%emt 00:01:58]} 16... Rf5 {[%clk 00:33:27]  [%emt 00:01:41]}
17. Nxh7 {[%clk 00:27:09]  [%emt 00:02:55]} 17... Kxh7 {
[%clk 00:24:28]  [%emt 00:09:04]} 18. h5 {[%clk 00:27:10]  [%emt 00:00:32]}
18... Qc8 {[%clk 00:24:31]} 19. hxg6+ {[%clk 00:22:18]  [%emt 00:05:00]} 19...
Kg8 {[%clk 00:24:34]} 20. Qh3 {[%clk 00:22:21]} 20... Nf6 {
[%clk 00:20:04]  [%emt 00:04:14]} 21. g4 {[%clk 00:16:46]  [%emt 00:05:37]}
21... Rf4 {[%clk 00:20:07]  [%emt 00:00:09]} 22. Bxf4 {[%clk 00:16:48]} 22...
exf4 {[%clk 00:20:10]  [%emt 00:00:16]} 23. f3 {
[%clk 00:14:29]  [%emt 00:02:06]} 23... Na6 {[%clk 00:18:23]  [%emt 00:01:53]}
24. O-O-O {[%clk 00:09:18]  [%emt 00:05:15]} 24... Rb8 {
[%clk 00:16:30]  [%emt 00:01:57]} 25. Rhe1 {[%clk 00:07:02]  [%emt 00:02:24]}
25... Qb7 {[%clk 00:15:56]  [%emt 00:00:37]} 26. Re2 {
[%clk 00:07:05]  [%emt 00:00:25]} 26... Nb4 {[%clk 00:15:46]} 27. g5 {
[%clk 00:06:59]  [%emt 00:00:05]} 27... Qc8 {[%clk 00:14:19]  [%emt 00:01:32]}
28. Qh2 {[%clk 00:06:36]  [%emt 00:00:25]} 28... Nfxd5 {
[%clk 00:12:34]  [%emt 00:01:50]} 29. Rxd5 {[%clk 00:05:56]  [%emt 00:00:45]}
29... e5 {[%clk 00:08:53]  [%emt 00:03:46]} 30. Rxd6 {
[%clk 00:05:33]  [%emt 00:00:28]} 30... Qf5 {[%clk 00:08:48]  [%emt 00:00:25]}
31. Qh7+ {[%clk 00:05:34]} 31... Kf8 {[%clk 00:08:48]} 32. Rf6+ {
[%clk 00:05:36]} 1-0

[Event "Campeonatos de Espana Universitarios 20"]
[Site "Universidad de Alicante, Spai"]
[Date "2019.04.09"]
[Round "1.4"]
[White "Samuel Lares, Jairo"]
[Black "Taboas Rodriguez, Daniel"]
[Result "0-1"]
[WhiteElo "2041"]
[BlackElo "2423"]
[PlyCount "86"]
[EventDate "2019.??.??"]

1. d4 {[%clk 00:40:05]  [%emt 00:29:00]} 1... Nf6 {
[%clk 00:40:08]  [%emt 00:00:52]} 2. Nc3 {[%clk 00:40:07]  [%emt 00:00:03]}
2... d5 {[%clk 00:40:08]  [%emt 00:00:04]} 3. Bf4 {
[%clk 00:40:10]  [%emt 00:00:04]} 3... Bf5 {[%clk 00:40:06]  [%emt 00:00:08]}
4. e3 {[%clk 00:40:11]  [%emt 00:00:03]} 4... e6 {
[%clk 00:40:09]  [%emt 00:00:04]} 5. f3 {[%clk 00:40:11]  [%emt 00:00:04]} 5...
Bd6 {[%clk 00:39:45]  [%emt 00:00:25]} 6. Bxd6 {
[%clk 00:40:13]  [%emt 00:00:14]} 6... Qxd6 {[%clk 00:39:48]} 7. g4 {
[%clk 00:40:16]} 7... Bg6 {[%clk 00:39:50]} 8. Qd2 {
[%clk 00:40:10]  [%emt 00:00:06]} 8... c5 {[%clk 00:39:30]  [%emt 00:00:28]} 9.
O-O-O {[%clk 00:39:09]  [%emt 00:01:03]} 9... cxd4 {
[%clk 00:39:18]  [%emt 00:00:18]} 10. exd4 {[%clk 00:39:11]  [%emt 00:00:19]}
10... Nc6 {[%clk 00:39:21]} 11. h4 {[%clk 00:39:02]  [%emt 00:00:09]} 11... h6
{[%clk 00:39:23]} 12. Nb5 {[%clk 00:37:52]  [%emt 00:01:15]} 12... Qb8 {
[%clk 00:38:17]  [%emt 00:01:05]} 13. h5 {[%clk 00:32:02]  [%emt 00:05:54]}
13... Bh7 {[%clk 00:38:19]  [%emt 00:00:35]} 14. g5 {[%clk 00:32:01]} 14...
hxg5 {[%clk 00:34:41]  [%emt 00:03:17]} 15. Qxg5 {
[%clk 00:23:45]  [%emt 00:08:20]} 15... a6 {[%clk 00:33:57]  [%emt 00:01:00]}
16. Nc3 {[%clk 00:23:03]  [%emt 00:00:45]} 16... Bg6 {
[%clk 00:18:06]  [%emt 00:16:11]} 17. h6 {[%clk 00:13:40]  [%emt 00:09:04]}
17... Ng8 {[%clk 00:16:09]  [%emt 00:02:02]} 18. Nxd5 {
[%clk 00:08:09]  [%emt 00:05:37]} 18... exd5 {[%clk 00:14:03]  [%emt 00:02:10]}
19. Re1+ {[%clk 00:08:06]  [%emt 00:00:13]} 19... Kf8 {
[%clk 00:13:27]  [%emt 00:00:47]} 20. hxg7+ {[%clk 00:06:33]  [%emt 00:01:26]}
20... Kxg7 {[%clk 00:13:28]  [%emt 00:00:17]} 21. Nh3 {
[%clk 00:06:14]  [%emt 00:00:14]} 21... Qd8 {[%clk 00:12:38]  [%emt 00:00:54]}
22. Qg2 {[%clk 00:05:24]  [%emt 00:00:54]} 22... Qf6 {
[%clk 00:10:31]  [%emt 00:02:18]} 23. Bd3 {[%clk 00:04:42]  [%emt 00:00:40]}
23... Nge7 {[%clk 00:09:58]  [%emt 00:00:39]} 24. Rhg1 {
[%clk 00:04:34]  [%emt 00:00:19]} 24... Rh6 {[%clk 00:09:04]  [%emt 00:00:53]}
25. f4 {[%clk 00:04:09]  [%emt 00:00:33]} 25... Rah8 {
[%clk 00:08:50]  [%emt 00:00:16]} 26. f5 {[%clk 00:01:37]  [%emt 00:02:40]}
26... Rxh3 {[%clk 00:07:00]  [%emt 00:01:56]} 27. fxg6 {
[%clk 00:01:11]  [%emt 00:00:27]} 27... fxg6 {[%clk 00:03:41]  [%emt 00:03:30]}
28. Ref1 {[%clk 00:00:36]  [%emt 00:00:35]} 28... Qe6 {
[%clk 00:03:26]  [%emt 00:00:20]} 29. Kb1 {[%clk 00:00:12]  [%emt 00:00:29]}
29... R8h6 {[%clk 00:02:59]  [%emt 00:00:32]} 30. Qf2 {
[%clk 00:00:13]  [%emt 00:00:07]} 30... Rh8 {[%clk 00:02:18]  [%emt 00:00:43]}
31. Re1 {[%clk 00:00:09]  [%emt 00:00:11]} 31... Qf6 {
[%clk 00:02:18]  [%emt 00:00:07]} 32. Qg2 {[%clk 00:00:08]  [%emt 00:00:05]}
32... Rf3 {[%clk 00:01:45]  [%emt 00:00:35]} 33. a3 {
[%clk 00:00:08]  [%emt 00:00:38]} 33... Rh6 {[%clk 00:01:35]  [%emt 00:00:03]}
34. Qg4 {[%clk 00:00:09]} 34... Rf4 {[%clk 00:01:17]  [%emt 00:00:06]} 35. Qd7
{[%clk 00:00:11]  [%emt 00:00:07]} 35... Rxd4 {[%clk 00:01:03]  [%emt 00:00:15]
} 36. Rgf1 {[%clk 00:00:08]  [%emt 00:00:24]} 36... Rf4 {
[%clk 00:00:38]  [%emt 00:00:17]} 37. Rg1 {[%clk 00:00:12]} 37... b5 {
[%clk 00:00:27]  [%emt 00:00:12]} 38. Re6 {[%clk 00:00:16]  [%emt 00:00:33]}
38... Qf7 {[%clk 00:00:29]} 39. Bxg6 {[%clk 00:00:15]  [%emt 00:00:03]} 39...
Rxg6 {[%clk 00:00:30]} 40. Rexg6+ {[%clk 00:00:10]} 40... Nxg6 {[%clk 00:00:32]
} 41. Qxc6 {[%emt 00:00:04]} 41... Rf1+ {[%clk 00:00:34]} 42. Rxf1 {
[%clk 00:00:17]} 42... Qxf1+ {[%clk 00:00:38]} 43. Ka2 {[%clk 00:00:20]} 43...
Qc4+ {[%clk 00:00:42]} 0-1

[Event "Campeonatos de Espana Universitarios 20"]
[Site "Universidad de Alicante, Spai"]
[Date "2019.04.09"]
[Round "1.5"]
[White "Valmana Canto, Jaime"]
[Black "Rovira Vila, Jaume"]
[Result "1-0"]
[WhiteElo "2406"]
[BlackElo "2036"]
[PlyCount "43"]
[EventDate "2019.??.??"]

1. e4 {[%clk 00:39:56]  [%emt 00:00:15]} 1... d5 {
[%clk 00:40:03]  [%emt 00:00:08]} 2. exd5 {[%clk 00:39:56]  [%emt 00:00:05]}
2... Nf6 {[%clk 00:39:56]  [%emt 00:00:12]} 3. d4 {
[%clk 00:39:53]  [%emt 00:00:08]} 3... Bg4 {[%clk 00:39:53]  [%emt 00:00:09]}
4. Nf3 {[%clk 00:39:50]  [%emt 00:00:07]} 4... Qxd5 {
[%clk 00:39:29]  [%emt 00:00:29]} 5. Be2 {[%clk 00:39:47]  [%emt 00:00:13]}
5... Nc6 {[%clk 00:36:13]  [%emt 00:03:16]} 6. h3 {
[%clk 00:39:40]  [%emt 00:00:13]} 6... Bxf3 {[%clk 00:32:29]  [%emt 00:03:48]}
7. Bxf3 {[%clk 00:39:36]  [%emt 00:00:08]} 7... Qe6+ {
[%clk 00:32:20]  [%emt 00:00:15]} 8. Be2 {[%clk 00:37:06]  [%emt 00:02:37]}
8... Qd5 {[%clk 00:30:42]  [%emt 00:01:40]} 9. Bf3 {
[%clk 00:34:18]  [%emt 00:02:54]} 9... Qe6+ {[%clk 00:30:31]  [%emt 00:00:16]}
10. Be3 {[%clk 00:34:20]  [%emt 00:00:05]} 10... O-O-O {
[%clk 00:25:54]  [%emt 00:04:40]} 11. O-O {[%clk 00:33:19]  [%emt 00:01:05]}
11... Qd7 {[%clk 00:20:58]  [%emt 00:05:00]} 12. c3 {
[%clk 00:29:42]  [%emt 00:03:43]} 12... e5 {[%clk 00:19:49]  [%emt 00:01:14]}
13. Qb3 {[%clk 00:29:19]  [%emt 00:00:31]} 13... exd4 {
[%clk 00:15:58]  [%emt 00:03:57]} 14. cxd4 {[%clk 00:29:12]  [%emt 00:00:07]}
14... b6 {[%clk 00:13:51]  [%emt 00:02:13]} 15. Qc4 {
[%clk 00:27:55]  [%emt 00:01:22]} 15... Na5 {[%clk 00:11:36]  [%emt 00:02:19]}
16. Qa6+ {[%clk 00:27:46]  [%emt 00:00:14]} 16... Kb8 {
[%clk 00:11:22]  [%emt 00:00:19]} 17. Nc3 {[%clk 00:23:35]  [%emt 00:04:17]}
17... Qc8 {[%clk 00:10:03]  [%emt 00:01:24]} 18. Qe2 {
[%clk 00:22:48]  [%emt 00:00:52]} 18... Bd6 {[%clk 00:09:51]  [%emt 00:00:18]}
19. Nb5 {[%clk 00:20:00]  [%emt 00:02:51]} 19... Rhe8 {
[%clk 00:08:57]  [%emt 00:00:59]} 20. Rac1 {[%clk 00:19:53]  [%emt 00:00:27]}
20... a6 {[%clk 00:08:10]  [%emt 00:00:37]} 21. Nxd6 {
[%clk 00:19:28]  [%emt 00:00:30]} 21... Rxd6 {[%clk 00:08:13]  [%emt 00:00:06]}
22. b4 {[%clk 00:19:23]  [%emt 00:00:13]} 1-0

[Event "Campeonatos de Espana Universitarios 20"]
[Site "Universidad de Alicante, Spai"]
[Date "2019.04.09"]
[Round "1.6"]
[White "Castillo Garcia, Adrian"]
[Black "Suarez Uriel, Adrian"]
[Result "0-1"]
[WhiteElo "2021"]
[BlackElo "2397"]
[PlyCount "52"]
[EventDate "2019.??.??"]

1. c4 {[%clk 00:40:06]  [%emt 00:00:05]} 1... Nf6 {
[%clk 00:40:08]  [%emt 00:00:03]} 2. Nc3 {[%clk 00:40:08]  [%emt 00:00:03]}
2... g6 {[%clk 00:40:09]  [%emt 00:00:03]} 3. e4 {
[%clk 00:40:05]  [%emt 00:00:08]} 3... c5 {[%clk 00:40:10]  [%emt 00:00:10]} 4.
Nge2 {[%clk 00:40:04]  [%emt 00:00:07]} 4... Nc6 {[%clk 00:40:12]} 5. g3 {
[%clk 00:39:53]  [%emt 00:00:34]} 5... Bg7 {[%clk 00:40:15]  [%emt 00:00:03]}
6. Bg2 {[%clk 00:39:55]} 6... O-O {[%clk 00:40:17]} 7. O-O {[%clk 00:39:52]}
7... d6 {[%clk 00:40:20]} 8. d3 {[%clk 00:39:45]  [%emt 00:00:05]} 8... Ne8 {
[%clk 00:40:22]  [%emt 00:00:08]} 9. Be3 {[%clk 00:38:54]  [%emt 00:00:56]}
9... Nd4 {[%clk 00:40:26]  [%emt 00:00:04]} 10. Rb1 {
[%clk 00:37:59]  [%emt 00:01:21]} 10... Nc7 {[%clk 00:40:28]} 11. b4 {
[%clk 00:37:11]  [%emt 00:00:36]} 11... Rb8 {[%clk 00:37:34]  [%emt 00:02:49]}
12. Qa4 {[%clk 00:35:26]  [%emt 00:01:50]} 12... a6 {
[%clk 00:35:41]  [%emt 00:01:58]} 13. bxc5 {[%clk 00:30:42]  [%emt 00:04:47]}
13... dxc5 {[%clk 00:35:34]  [%emt 00:00:28]} 14. Qa3 {
[%clk 00:29:41]  [%emt 00:00:50]} 14... Nce6 {[%clk 00:35:33]  [%emt 00:00:12]}
15. f4 {[%clk 00:29:36]  [%emt 00:00:04]} 15... Nc2 {
[%clk 00:35:04]  [%emt 00:00:37]} 16. Qc1 {[%clk 00:28:02]  [%emt 00:01:35]}
16... Nxe3 {[%clk 00:35:07]  [%emt 00:00:34]} 17. Qxe3 {[%clk 00:28:03]} 17...
Bd4 {[%clk 00:35:11]} 18. Nxd4 {[%clk 00:27:58]  [%emt 00:00:03]} 18... cxd4 {
[%clk 00:35:14]} 19. Qf2 {[%clk 00:27:46]  [%emt 00:00:06]} 19... dxc3 {
[%clk 00:35:15]  [%emt 00:00:04]} 20. f5 {[%clk 00:27:48]} 20... Nd4 {
[%clk 00:35:13]  [%emt 00:00:07]} 21. g4 {[%clk 00:27:12]  [%emt 00:00:39]}
21... e5 {[%clk 00:34:35]  [%emt 00:00:42]} 22. Kh1 {
[%clk 00:25:51]  [%emt 00:01:25]} 22... f6 {[%clk 00:33:34]  [%emt 00:01:14]}
23. g5 {[%clk 00:25:43]  [%emt 00:00:09]} 23... fxg5 {
[%clk 00:33:35]  [%emt 00:00:08]} 24. Qg3 {[%clk 00:25:43]  [%emt 00:00:04]}
24... c2 {[%clk 00:32:34]  [%emt 00:00:59]} 25. Rbe1 {
[%clk 00:25:39]  [%emt 00:00:27]} 25... Qe7 {[%clk 00:32:37]} 26. Bh3 {
[%clk 00:23:25]  [%emt 00:02:05]} 26... c1=Q {[%clk 00:32:17]  [%emt 00:00:24]}
0-1